Các mô hình độ tin cật của phần mềm

Nội dung Chương 1 giới thiệu về độ tin cậy phần mềm, hàm tin cậy đối với một số phối thông thường. Chương 2 Giới thiệu quá trình tạo ra phần mềm, kiểm tra phần mềm để có một sản phẩm phần mềm phù hợp. Chương 3 Giới thiệu mộ...

Ausführliche Beschreibung

Gespeichert in:
Bibliographische Detailangaben
1. Verfasser: Trần, Thị Thu Thủy
Format: Buch
Sprache:Undetermined
Veröffentlicht: Cần Thơ Đại học Cần Thơ 2003
Schlagworte:
Tags: Tag hinzufügen
Keine Tags, Fügen Sie den ersten Tag hinzu!
Thư viện lưu trữ: Trung tâm Học liệu Trường Đại học Cần Thơ
LEADER 01312nam a2200205Ia 4500
001 CTU_83349
008 210402s9999 xx 000 0 und d
082 |a 519.2 
082 |b Th523 
088 |a 604615 
100 |a Trần, Thị Thu Thủy 
245 0 |a Các mô hình độ tin cật của phần mềm 
245 0 |c Trần Thị Thu Thủy ; Nguyễn Bác Văn, Lê Vĩnh Thuận (hướng dẫn khoa học) 
260 |a Cần Thơ 
260 |b Đại học Cần Thơ 
260 |c 2003 
520 |a Nội dung Chương 1 giới thiệu về độ tin cậy phần mềm, hàm tin cậy đối với một số phối thông thường. Chương 2 Giới thiệu quá trình tạo ra phần mềm, kiểm tra phần mềm để có một sản phẩm phần mềm phù hợp. Chương 3 Giới thiệu một số cách ước lượng lỗi phần mềm. Chương 4 Giới thiệu các mô hình dộ tin cậy phần mềm theo quá trình POISSON không thuần nhất (NHPP). Chương 5 Một số ứng dụng 
650 |a Mathematical statistics 
904 |i Tuyến, QHieu 
980 |a Trung tâm Học liệu Trường Đại học Cần Thơ